000 00535nam a2200193Ia 4500
003 GCL
008 140319s9999 xx 000 0 ara d
040 _aGCL /
_cGCL
082 0 4 _a814.008
_bا م
100 1 _aانيس منصور
245 1 0 _aيا من كنت حبيبى /
_cانيس منصور
260 _a[S.N] :
_bالمكتب المصرى الحديث ،
_c1991
300 _a246 ص
490 _a
650 0 4 _aالادب العربى
650 0 4 _aالقصص القصيرة
650 0 4 _aالقصص
942 _2ddc
_cBK
999 _c53069
_d53069